[Event "Tatry Open 2018"]
[Site "Tatranska Lomnica"]
[Date "2018.10.02"]
[Round "4"]
[White "Steiner, Bruno"]
[Black "Malik, Jan"]
[Result "0-1"]
[WhiteElo "2075"]
[BlackElo "2300"]
[Annotator "TA"]
[PlyCount "50"]
[EventDate "2018.09.30"]
[EventType "swiss"]
[EventCountry "SVK"]
[SourceTitle "playchess.com"]
[Source "ChessBase"]
[SourceQuality "1"]

{[%evp 19,50,-10,17,19,13,12,33,22,16,18,43,28,33,-5,-18,-20,-16,-27,3,16,23,0,25,18,31,-15,-26,-25,-33,-397,-385,-555,-285]} 1. d4 d5 2. Nf3 Nf6 3. c4 e6 4. e3 c6 5. Nc3 Nbd7 6. Bd2 Bd6 7. Bd3 dxc4 {D45: Damengambit (Anti-Meraner Variante)} 8. Bxc4 b5 9. Bd3 Bb7 (9... b4 10. Ne4 Nxe4 11. Bxe4 Bb7 12. Qa4 Qb6 13. O-O O-O 14. Rfc1 Rfc8 15. a3 a5 16. axb4 axb4 17. Qb3 Nf6 18. Rxa8 Rxa8 19. Bd3 c5 20. dxc5 Bxc5 {½-½ (20) Wojtaszek,R (2741)-Motylev,A (2649) Germany 2016}) 10. O-O a6 {LiveBook: 3 Partien} 11. b4 O-O 12. a3 Qe7 13. Ne4 $146 ({Vorgänger:} 13. Ng5 a5 14. Nce4 Bc7 15. Rc1 h6 16. Nxf6+ Nxf6 {0-1 (50) Huguet,E (1990)-Wunderman,X (2213) Issy les Moulineaux 2011}) 13... Nxe4 14. Bxe4 f5 15. Bd3 e5 {[#] Droht stark ...e4.} 16. Qb3+ Kh8 {Weiss muss nun ...e4 beachten.} 17. dxe5 Nxe5 18. Nxe5 Bxe5 19. Bc3 c5 {Und ...Dg5 würde nun gewinnen.} 20. bxc5 f4 21. exf4 Rxf4 {zielt auf ...Th4 ab.} 22. g3 {Und weiter mit Tae1 wäre nett.} Rf3 $40 {[%mdl 128] Schwarz greift an.} 23. Bxe5 Qxe5 24. Qc2 $2 {[%mdl 8192] [#]} ({Besser ist} 24. c6 $1 $15 Bxc6 25. Rae1) 24... Qd5 $1 $19 25. Bxh7 (25. Be4 $142 Qxe4 26. Qxe4 Bxe4 27. Rfe1) 25... Rc3 {Precision: Weiß = 26%, Schwarz = 33%.} 0-1

[Event "Tatry Open 2018"]
[Site "Tatranska Lomnica"]
[Date "2018.10.02"]
[Round "4"]
[White "Drabek, Miloslav"]
[Black "Petran, Peter"]
[Result "0-1"]
[WhiteElo "2012"]
[BlackElo "2270"]
[Annotator "TA"]
[PlyCount "64"]
[EventDate "2018.09.30"]
[EventType "swiss"]
[EventCountry "SVK"]
[SourceTitle "playchess.com"]
[Source "ChessBase"]
[SourceQuality "1"]

{[%evp 19,64,20,54,-5,9,-139,-138,-142,0,-149,-140,-141,-153,-166,-158,-251,-180,-183,-158,-195,-196,-232,-225,-233,-233,-197,-198,-215,-206,-224,-220,-225,-209,-272,-237,-220,-254,-254,-231,-267,-111,-116,-111,-162,-162,-656,-647]} 1. d4 g6 2. Nf3 Bg7 3. c4 d6 4. Nc3 Nf6 5. g3 Nbd7 6. Bg2 e5 7. e4 O-O 8. O-O c6 9. Rb1 a5 10. b3 {E68: King's Indian: Fianchetto: 6...Nbd7 7 0-0 e5 8 e4} (10. h3 Re8 11. Be3 exd4 12. Nxd4 Nc5 13. Qc2 Qc7 14. Rfe1 Bd7 15. b3 Rad8 16. Rbd1 Bc8 17. f4 h6 18. Bf2 Nh5 19. Qd2 Nf6 20. Kh2 {0-1 (49) Goloshchapov,A (2586)-Sriram,J (2375) Dubai 2014}) 10... Re8 {LiveBook: 3 Games} 11. d5 ({White should try} 11. dxe5 $14 Nxe5 12. Nxe5 dxe5 13. Be3) 11... Nc5 $146 ({Predecessor:} 11... cxd5 12. cxd5 Nc5 13. Re1 Bd7 14. a3 Qc7 15. Bd2 Rec8 16. Qe2 Qb6 17. b4 axb4 18. axb4 {0-1 (27) Antova,G (2335)-Toma,K (2229) Riga 2017}) 12. Qc2 (12. Bg5 $11) 12... cxd5 $1 $17 13. cxd5 {[#]} Bd7 ({Black should play} 13... Ncxe4 $1 $17 {[%mdl 512] Strongly threatening ...Bf5.} 14. Nxe4 Nxe4) 14. Qe2 {[#]} (14. Nd2 $1 $11) 14... Nfxe4 $1 {[%mdl 512]} 15. Nxe4 Nxe4 16. Bb2 Nc5 17. Rfd1 (17. Nd2 $17) 17... b5 {[%cal Bb7b5,Bb5b4][%mdl 32]} 18. Qe3 h6 19. h3 f5 20. Ba3 b4 21. Bb2 g5 22. Nd2 f4 23. Qe2 fxg3 24. fxg3 Bf5 $1 25. Ne4 Qb6 26. Kh2 Bxe4 27. Bxe4 Nxe4 28. Qxe4 {[#]} Rf8 $1 29. Rf1 Rac8 (29... Rf2+ $19 {has better winning chances.} 30. Rxf2 Qxf2+ 31. Qg2 Rf8) 30. Kg2 Qb5 31. Rbc1 {[#]} (31. Rxf8+ $17 Rxf8 32. a4) 31... a4 $1 $19 32. Qg4 $2 (32. Rxf8+ Rxf8 33. bxa4 Qxa4 34. Rc2) 32... Qxd5+ {Precision: White = 13%, Black = 65%.} 0-1

[Event "Tatry Open 2018"]
[Site "Tatranska Lomnica"]
[Date "2018.10.02"]
[Round "4"]
[White "Bednar, Jan"]
[Black "Splichal, Stanislav"]
[Result "1/2-1/2"]
[WhiteElo "1986"]
[BlackElo "2154"]
[Annotator "TA"]
[PlyCount "43"]
[EventDate "2018.09.30"]
[EventType "swiss"]
[EventCountry "SVK"]
[SourceTitle "playchess.com"]
[Source "ChessBase"]
[SourceQuality "1"]

{[%evp 22,43,38,36,53,34,46,49,50,30,31,31,35,34,32,14,43,12,9,12,7,8,14,0]} 1. e4 c5 2. Nf3 g6 3. d4 Bg7 4. c4 cxd4 5. Nxd4 Nc6 6. Be3 Nf6 7. Nc3 O-O 8. Be2 d6 9. O-O Bd7 10. Rc1 Nxd4 11. Bxd4 Bc6 12. Qd3 a6 {B38: Sicilian: Maroczy Bind with 5...Bg7 and 7...0-0} (12... a5 13. b3 Nd7 14. Bxg7 Kxg7 15. Nd5 Nc5 16. Qe3 e6 17. Nc3 e5 18. Rfd1 Qe7 19. Rd2 Ne6 20. Bf1 f5 21. exf5 Rxf5 {½-½ (63) Eljanov,P (2723)-Guseinov,G (2613) Dubai 2014}) 13. f3 a5 $146 ({Predecessor:} 13... Bh6 14. Be3 Bg7 15. b4 b5 16. cxb5 axb5 17. Qd2 Qd7 18. Rfd1 Qb7 19. Nd5 Nxd5 20. exd5 {0-1 (38) Kowalska,E (1910)-Gora,J (1516) Warsaw 2009}) 14. Rfd1 Bh6 {White is slightly better.} 15. Be3 Bxe3+ 16. Qxe3 Nd7 17. Nd5 Bxd5 18. exd5 Nc5 19. b3 Qb6 {The position is equal.} 20. Rb1 Qb4 21. Bf1 Rfe8 22. Qd2 1/2-1/2

[Event "Tatry Open 2018"]
[Site "Tatranska Lomnica"]
[Date "2018.10.02"]
[Round "4"]
[White "Gresova, Zuzana"]
[Black "Skreno, Vladimir"]
[Result "0-1"]
[WhiteElo "1901"]
[BlackElo "2160"]
[Annotator "ChessBase"]
[PlyCount "80"]
[EventDate "2018.09.30"]
[EventType "swiss"]
[EventCountry "SVK"]
[SourceTitle "playchess.com"]
[Source "ChessBase"]
[SourceQuality "1"]
[TimeControl "40/5400+30:1800+30"]

1. e4 {[%emt 0:00:00]} c5 {[%emt 0:00:00]} 2. Nf3 {[%emt 0:00:00]} d6 {[%emt 0:00:05]} 3. d4 {[%emt 0:00:00]} cxd4 {[%emt 0:00:02]} 4. Nxd4 {[%emt 0:00:04]} Nf6 {[%emt 0:00:08]} 5. Nc3 g6 6. Be2 {[%emt 0:04:35]} Bg7 {[%emt 0:01:21]} 7. Nb3 {[%emt 0:02:06]} Nc6 {[%emt 0:02:02]} 8. Bg5 {[%emt 0:01:33]} Be6 {[%emt 0:06:04]} 9. O-O {[%emt 0:01:15]} Nd7 {[%emt 0:03:50]} 10. Kh1 {[%emt 0:05:59]} O-O {[%emt 0:06:25]} 11. f4 {[%emt 0:05:46]} f6 {[%emt 0:02:40]} 12. Bh4 {[%emt 0:00:50]} Rc8 {[%emt 0:02:49]} 13. Rb1 {[%emt 0:03:26]} Re8 {[%emt 0:06:54]} 14. Nd5 {[%emt 0:05:36]} Nc5 {[%emt 0:13:42]} 15. Nxc5 {[%emt 0:04:07]} dxc5 {[%emt 0:00:53]} 16. c3 {[%emt 0:02:27]} Bf7 {[%emt 0:04:43]} 17. Qa4 {[%emt 0:06:04]} e6 {[%emt 0:01:48]} 18. Ne3 {[%emt 0:12:55]} Qd2 {[%emt 0:02:14]} 19. Qc2 {[%emt 0:03:15]} Qxe3 {[%emt 0:05:56]} 20. Rf3 {[%emt 0:01:40]} Nd4 {[%emt 0:00:33]} 21. cxd4 {[%emt 0:10:21]} cxd4 {[%emt 0:03:30]} 22. Bc4 {[%emt 0:01:50]} d3 {[%emt 0:05:41]} 23. Qxd3 {[%emt 0:02:25]} Qxd3 {[%emt 0:01:19]} 24. Bxd3 {[%emt 0:00:22]} e5 {[%emt 0:03:09]} 25. fxe5 {[%emt 0:04:34]} Rxe5 {[%emt 0:02:52]} 26. Bxf6 {[%emt 0:01:46]} Bxf6 {[%emt 0:00:10]} 27. Rxf6 {[%emt 0:00:06]} Bxa2 {[%emt 0:07:58]} 28. Ra1 {[%emt 0:05:42]} Bc4 {[%emt 0:02:21]} 29. Bxc4+ {[%emt 0:01:40]} Rxc4 {[%emt 0:00:01]} 30. h3 {[%emt 0:01:10]} Rb4 {[%emt 0:06:14]} 31. Rxa7 {[%emt 0:01:49]} Rxb2 {[%emt 0:00:36]} 32. Rd6 {[%emt 0:02:20]} Kf7 {[%emt 0:04:03]} 33. Rd4 {[%emt 0:01:11]} Ke6 {[%emt 0:02:49]} 34. h4 {[%emt 0:08:57]} Rh5 {[%emt 0:00:48]} 35. e5 {[%emt 0:00:35]} Rxe5 {[%emt 0:00:43]} 36. Raa4 {[%emt 0:00:28]} h5 {[%emt 0:01:25]} 37. Rab4 {[%emt 0:00:46]} Rxb4 {[%emt 0:00:19]} 38. Rxb4 {[%emt 0:00:08]} b5 {[%emt 0:00:12]} 39. Kg1 {[%emt 0:00:49]} Kd6 {[%emt 0:00:57]} 40. Kf2 {[%emt 0:00:32]} Kc5 {[%emt 0:00:11]} 0-1

[Event "Tatry Open 2018"]
[Site "Tatranska Lomnica"]
[Date "2018.10.03"]
[Round "5"]
[White "Krnan, Tomas"]
[Black "Sejkora, Vlastimil"]
[Result "1-0"]
[WhiteElo "2430"]
[BlackElo "2111"]
[Annotator "TA"]
[PlyCount "59"]
[EventDate "2018.09.30"]
[EventType "swiss"]
[EventCountry "SVK"]
[SourceTitle "playchess.com"]
[Source "ChessBase"]
[SourceQuality "1"]

{[%evp 11,59,97,91,93,98,87,96,107,122,131,125,110,154,155,214,181,242,241,239,237,255,208,388,418,568,571,568,565,531,546,596,639,608,575,889,881,883,883,1055,1040,1871,1006,1192,1182,1309,1192,1184,1184,1246,1241]} 1. e4 c6 2. d4 d5 3. Nc3 dxe4 4. Nxe4 Bf5 5. Ng3 g6 6. Nxf5 {B18: Classical Caro-Kann: 4...Bf5 sidelines} gxf5 {LiveBook: 4 Games} 7. Nf3 e6 (7... Bh6 8. Bxh6 Nxh6 9. Qd2 Qd6 10. O-O-O Nd7 11. c4 Ng4 12. Bd3 e6 13. Kb1 O-O-O {1-0 (29) Kulaots,K (2574)-Kuzin,A (2409) Minsk 2015}) 8. Bd3 {White is better.} Nf6 9. O-O Be7 $146 ({Predecessor:} 9... Bg7) 10. Re1 Nbd7 11. Qe2 h5 12. c4 Nf8 (12... Rg8 $16 {was worth a try.} 13. a3 Rc8) 13. Bg5 Ng8 (13... Rg8 $142 14. a3 Rxg5) 14. h4 $18 {[%cal Bh2h4,Bh4g5][%mdl 32]} Bxg5 15. hxg5 ({Less strong is} 15. Nxg5 Qxd4 16. g3 Qf6 $14) 15... Ne7 16. d5 Qd6 $2 (16... Qc7 17. Ne5 Rh7) 17. Rad1 O-O-O 18. dxe6 {White is clearly winning.} Nxe6 {[#]} 19. Bxf5 $1 {[%mdl 512]} Nxf5 20. Rxd6 Rxd6 21. Qe5 Neg7 22. Qa5 a6 23. Re5 Rd1+ 24. Kh2 Nd6 25. Re7 {[%csl Ge7][%cal Ra5c7] [#]} Nge8 26. Qe5 Kd8 27. c5 {[%cal Bc4c5,Bc5b6][%mdl 32]} Nc4 28. Qxh8 {[%csl Ge7][%cal Rh8e8]} Kxe7 29. Qc3 b5 30. cxb6 {Precision: White = 82%, Black = 25%.} 1-0

[Event "Tatry Open 2018"]
[Site "Tatranska Lomnica"]
[Date "2018.10.03"]
[Round "5"]
[White "Hagara, Eduard"]
[Black "Janos, Ivan"]
[Result "1/2-1/2"]
[WhiteElo "2407"]
[BlackElo "2109"]
[Annotator "TA"]
[PlyCount "57"]
[EventDate "2018.09.30"]
[EventType "swiss"]
[EventCountry "SVK"]
[SourceTitle "playchess.com"]
[Source "ChessBase"]
[SourceQuality "1"]

{[%evp 9,57,-10,-2,-8,0,-48,-46,-64,-35,-57,-27,-48,-47,-57,-29,-131,-124,-121,-46,-53,-41,-61,-56,-72,-60,-77,-55,-91,-59,-150,-154,-165,-135,-147,-75,-37,0,0,68,77,458,455,451,126,118,113,110,118,109,114]} 1. e4 g6 2. Bc4 Bg7 3. c3 (3. d3 c6 4. Nc3 d5 5. exd5 b5 6. Bb3 b4 7. Nce2 cxd5 8. d4 Nc6 9. Nf3 e6 10. a3 bxa3 11. Rxa3 {0-1 (38) Beukema,J (2299)-Nagy,G (2468) Eupen 2018}) 3... c6 4. d4 d5 5. Bd3 dxe4 6. Bxe4 {B06: Modern Defence} Nf6 7. Bf3 O-O 8. Ne2 {Black is slightly better.} Nbd7 $146 (8... e5 $5 {[%cal Re5e4]} 9. Bg5 Re8 $17) ({Predecessor:} 8... Bg4 9. Ng3 Bxf3 10. Qxf3 Nbd7 11. O-O Qa5 {0-1 (47) Voss,G (1946)-Breithut,K (2085) Schney 2007}) 9. Ng3 Qc7 10. O-O e5 11. Be3 Re8 12. d5 (12. Nd2 $11 {remains equal.}) 12... cxd5 13. Bxd5 Nb6 (13... Nxd5 $17 14. Qxd5 Nf6) 14. Bb3 Be6 15. Nd2 Nfd5 16. Bxb6 Qxb6 17. Qf3 Rad8 18. Rad1 f5 19. Rfe1 (19. Nc4 $15 Qc5 20. Ne3) 19... e4 $17 20. Qe2 Bf7 21. Ndf1 Qf6 ({Black should play} 21... Nf4 22. Bxf7+ Kxf7 23. Qc4+ Kf8 24. Rxd8 Rxd8) 22. Qb5 {[%cal Rb3d5]} Nb6 23. f3 {[%cal Rf3e4]} h5 (23... Qe5 $11 24. Bxf7+ Kxf7 25. Qb3+ Kf8) 24. fxe4 $14 {And now e5! would win.} f4 $2 {[%mdl 8192] [#]} (24... Rxd1 $16 {is tougher.} 25. Rxd1 Re5 26. Bxf7+ Qxf7) 25. e5 $1 $18 {[%cal Re5f6][%mdl 512]} Rxe5 26. Rxd8+ $2 (26. Qxe5 $18 Rxd1 27. Qxf6 Bxf6 28. Rxd1 fxg3 29. Nxg3) 26... Qxd8 $16 {White is better.} 27. Rxe5 Bxe5 28. Bxf7+ Kxf7 29. Qxe5 {Precision: White = 39%, Black = 36%.} 1/2-1/2

[Event "Tatry Open 2018"]
[Site "Tatranska Lomnica"]
[Date "2018.10.03"]
[Round "5"]
[White "Vojta, Tomas"]
[Black "Bochnickova, Andrea"]
[Result "1-0"]
[WhiteElo "2349"]
[BlackElo "2079"]
[Annotator "TA"]
[PlyCount "177"]
[EventDate "2018.09.30"]
[EventType "swiss"]
[EventCountry "SVK"]
[SourceTitle "playchess.com"]
[Source "ChessBase"]
[SourceQuality "1"]

{[%evp 18,177,11,0,20,18,16,17,19,17,27,8,27,10,10,12,13,10,18,18,13,6,14,0,8,0,0,0,10,16,16,12,6,0,0,0,-6,-8,33,0,48,0,3,0,60,20,90,47,97,77,102,116,112,92,97,82,100,89,89,80,82,80,77,80,81,82,85,89,102,102,88,81,101,69,122,122,122,122,145,142,460,460,358,304,420,408,234,247,238,203,302,259,1866,1662,1539,1539,29959,29952,29950,7462,29946,1172,880,0,29952,839,29964,29965,29977,29962,29962,29961,29959,29962,29961,29961,29966,29968,29967,29964,4150,2670,29978,29978,29977,29979,29978,29979,29977,29978,29985,29986,29986,29985,29985,29986,29988,29987,29986,29983,29983,29984,29984,29985,29985,29986,29986,29987,29987,29988,29988,29989,29989,29988,29988,29989,29989,29990,29990,386,29994,29995]} 1. d4 Nf6 2. Bf4 d5 3. e3 c5 4. c3 Nc6 5. Nd2 Bf5 6. Qb3 {D00: 1 d4 d5: Unusual lines} (6. Ngf3 e6 7. Nh4 Be4 8. Nhf3 Bf5 9. Nh4 Be4 10. Qb3 Qc8 11. Nhf3 Bf5 12. Be2 Be7 13. O-O O-O 14. h3 h6 15. Rfe1 c4 16. Qd1 b5 {1-0 (66) Grachev,B (2626)-Najer,E (2663) Moscow 2018}) 6... Qd7 7. Ngf3 c4 8. Qd1 h6 9. Be2 e6 10. O-O {LiveBook: 4 Games} Bd6 11. Bxd6 Qxd6 12. b3 cxb3 13. axb3 $146 ({Predecessor:} 13. Qxb3) 13... O-O 14. Qc1 Rfc8 15. Qb2 a5 16. Rfc1 b6 17. Nb1 Rc7 18. Na3 {Nb5 is the strong threat.} Na7 19. Nd2 Rac8 20. h3 Bg6 21. c4 Qb4 22. Ra2 Ne4 23. Nxe4 Bxe4 24. Rd1 Qe7 25. Qd2 a4 26. bxa4 dxc4 {Black wants to play ...c3.} 27. Qc3 Bc6 28. Nc2 Qd7 29. Rda1 (29. d5 $5 exd5 30. Bf3 $14) 29... Qd5 {[%csl Gc6][%cal Rd5g2]} (29... b5 {is interesting.} 30. Nb4 Bb7 31. Qe1 bxa4 32. Rxa4 Nb5) 30. f3 Qa5 ({Black should try} 30... Be8 $11) 31. Ra3 Bb7 (31... Bd7 $11) 32. Rb1 Ba6 33. Nb4 Rd8 34. Nxa6 Qxa6 35. Qb4 Nc8 {[%cal Ba7c8,Bc8d6,Bd6f5][%mdl 32]} 36. Rc3 {[%cal Rc3c4]} Ra7 37. Rxc4 Nd6 38. Rc2 Qxa4 39. Qxa4 ({And not} 39. Qxb6 Qxc2 40. Qxd8+ Kh7 $17) 39... Rxa4 40. Rxb6 Nf5 41. Rb3 $1 Rda8 42. Kf2 Ra2 43. Rxa2 Rxa2 $16 {[%mdl 4096] Endgame KRB-KRN} 44. g4 Ne7 45. h4 {[%cal Bh3h4,Bh4h5][%mdl 32]} g5 (45... g6 $14) 46. h5 Nd5 47. Ke1 Rc2 48. Kd1 Rc3 $2 {[%mdl 8192]} (48... Rc7 $16 49. Kd2 Kg7) 49. Rxc3 $18 Nxc3+ {KB-KN} 50. Kd2 Nd5 51. Bc4 Nc7 52. e4 Kf8 53. Ke3 Ke7 {[#]} (53... Na8 $142 54. f4 gxf4+ 55. Kxf4 Nb6) 54. f4 $1 f6 $2 (54... gxf4+ 55. Kxf4 Kf6 56. e5+ Kg7) 55. fxg5 fxg5 56. e5 Na8 57. Ke4 Nb6 58. Bb3 Nd7 59. Ba4 (59. Ba2 $142 Nb6 60. d5 exd5+ 61. Bxd5 Na4 62. Kf5 Nb6 63. Bb3 Nd7 64. Bc4) 59... Nb6 60. Bb3 (60. Bc6 $18 Kd8 61. d5) 60... Nd7 61. Ba2 Nb6 62. d5 Na4 63. Kd4 exd5 64. Bxd5 Nb6 65. Ke4 Nd7 66. Kf5 Nc5 67. Bc4 Nd7 68. Bb5 Nf8 69. Ba4 Kf7 {[#]} 70. e6+ $1 {[%mdl 512]} Ke7 (70... Nxe6 71. Bb3) 71. Bb3 Nh7 72. Kg6 Nf6 73. Kxh6 Nxg4+ 74. Kxg5 Ne5 75. Kf5 Nc6 76. Kg6 Kf8 77. Kf6 Ne7 78. Ba2 Ng8+ 79. Kg5 Kg7 80. Bb3 Ne7 81. h6+ Kh8 82. Bc2 Kg8 83. Be4 Kh8 84. Kf6 Ng8+ 85. Ke5 Ne7 86. Kd6 Ng8 87. Bg6 Nf6 {[#]} 88. e7 $2 (88. h7 $1 {mates} Kg7 (88... Nxh7 89. Bxh7) 89. e7 Kxg6 90. h8=Q Kf5 91. Qf8 Kg5 92. Qg7+ Kf5 93. Qf8) 88... Kg8 $2 (88... Ng8 $18 89. e8=B Nxh6) 89. Ke6 {Precision: White = 71%, Black = 37%.} 1-0

[Event "Tatry Open 2018"]
[Site "Tatranska Lomnica"]
[Date "2018.10.03"]
[Round "5"]
[White "Zylka, Stanislaw"]
[Black "Chlpik, Martin"]
[Result "1-0"]
[WhiteElo "2327"]
[BlackElo "2119"]
[Annotator "TA"]
[PlyCount "47"]
[EventDate "2018.09.30"]
[EventType "swiss"]
[EventCountry "SVK"]
[SourceTitle "playchess.com"]
[Source "ChessBase"]
[SourceQuality "1"]

{[%evp 17,47,60,38,31,55,41,51,22,38,0,0,-12,40,30,32,39,49,28,54,54,54,52,52,52,89,49,82,88,29997,897,29998,29999]} 1. e4 c5 2. Nf3 d6 3. Bb5+ Nd7 4. O-O Ngf6 5. d4 a6 6. Bxd7+ Nxd7 7. Nc3 e6 8. Bg5 Be7 {B51: Sicilian: Moscow Variation (3 Bb5+) without 3...Bd7} (8... Qc7 9. d5 e5 10. a4 g6 11. Nd2 Bg7 12. Nc4 Nb6 13. Nxb6 Qxb6 14. a5 Qc7 15. Bd2 b5 16. axb6 Qxb6 {1-0 (35) Demchenko,A (2671)-Stets,D (2398) Rochefort 2018}) 9. Bxe7 Qxe7 {LiveBook: 9 Games} 10. a4 b6 {White is slightly better.} 11. Qd3 O-O $146 ({Predecessor:} 11... Bb7 12. Rfd1 Rd8 13. dxc5 dxc5 14. Qd6 Qxd6 15. Rxd6 Ke7 16. Rad1 {½-½ (67) Haslinger,S (2536)-Van Oosterom,C (2385) Amsterdam 2012}) 12. Rfd1 {[%cal Bf1d1,Bd1d4,Bd4g4,Bg4g7,Bg7g8][%mdl 32]} Rd8 13. dxc5 Nxc5 14. Qd4 {b4 is the strong threat.} a5 ({Black should try} 14... Bb7 $11) 15. e5 $36 {[%cal Re5d6][%mdl 2048] White has some pressure.} d5 16. Qe3 Rf8 17. Rd4 f5 18. exf6 Qxf6 19. Re1 Bb7 20. Ne5 Qf5 21. Qg3 Qxc2 {[#]} 22. Rg4 $1 {[%cal Rg4g7]} Qd2 $2 {[%mdl 8192]} (22... g6 $16) 23. Rxg7+ Kh8 {[#]} 24. Rg8+ $1 {[%mdl 512] Precision: White = 68%, Black = 30%.} 1-0

[Event "Tatry Open 2018"]
[Site "Tatranska Lomnica"]
[Date "2018.10.03"]
[Round "5"]
[White "Malik, Jan"]
[Black "Pacher, Milan"]
[Result "0-1"]
[WhiteElo "2300"]
[BlackElo "2457"]
[Annotator "TA"]
[PlyCount "76"]
[EventDate "2018.09.30"]
[EventType "swiss"]
[EventCountry "SVK"]
[SourceTitle "playchess.com"]
[Source "ChessBase"]
[SourceQuality "1"]

{[%evp 24,76,0,0,0,0,0,-8,14,19,72,-20,-24,-43,-26,-25,0,-12,-1,-28,0,0,0,0,0,0,7,-70,-68,-70,-68,-71,-64,-97,-108,-122,-71,-89,-85,-87,-92,-68,-87,-117,-115,-293,-234,-346,-342,-557,-533,-712,-698,-1612,-1468]} 1. e4 {[%cal Be2e4,Be4e5][%mdl 32]} e6 2. d4 d5 3. Nc3 Nf6 4. Bg5 Bb4 5. e5 h6 6. Bd2 Bxc3 7. bxc3 Ne4 8. Qg4 Kf8 9. Qf4 {C12: Französische Verteidigung (MacCutcheon-Variante)} (9. Bd3 Nxd2 10. Kxd2 c5 11. h4 Nc6 12. Qf4 c4 13. Be2 Bd7 14. Qe3 b5 15. a3 a5 16. Nf3 Rb8 17. h5 Qe7 18. g4 Ke8 19. Nh4 b4 20. axb4 axb4 21. cxb4 Qxb4+ {½-½ (36) Acs,P (2588)-Prusikin,M (2529) Austria 2018}) 9... c5 10. Bd3 Nxd2 11. Qxd2 Nc6 12. Nf3 Qa5 13. dxc5 {LiveBook: 8 Partien} Qxc5 14. O-O Bd7 15. Rab1 Na5 16. Nd4 Rc8 {[#]} (16... b6 $11 {hält das Gleichgewicht.}) 17. Qf4 $146 ({Besser ist} 17. f4 $1 $16) ({Vorgänger:} 17. Bb5 Bxb5 18. Rxb5 Qc7 19. Qf4 a6 20. Nxe6+ {1-0 (20) Benne,H (1957)-Tessmer,H (1656) Osterburg 2004}) 17... b6 $11 18. Rfe1 {[%cal Bf1e1,Be1e3,Be3f3,Bf3f6][%mdl 32]} Qe7 19. Qd2 g6 20. Re3 Kg7 21. Rf3 Qg5 22. Qe1 Nc4 23. Bxc4 $1 Rxc4 24. Rf6 $1 Rhc8 25. Rb3 ({Günstiger ist} 25. f4 $11 Qh5 26. Rb3) 25... Qh4 $15 26. Rf3 $1 Ra4 27. Rh3 Qg5 $40 {[%mdl 128] Schwarz hat was vor.} 28. Rg3 Qe7 29. Qb1 Qc5 (29... Rc5 $142 30. Re3 Rca5) 30. h4 h5 31. Qd1 Qe7 32. Rg5 Rxa2 {zielt auf ...La4 ab.} 33. Qxh5 Ba4 34. Rb1 $2 {[#]} (34. Qg4 $17) 34... Bxc2 35. Nxc2 (35. Re1 {ist eine bessere Verteidigung.}) 35... Rxc2 $19 36. Qg4 $2 (36. Rg3) 36... Rc4 {Schwarz steht klar auf Gewinn.} 37. f4 {Weiss hofft, mit h5 fortzusetzen.} Qc5+ 38. Kh1 R4xc3 {Precision: Weiß = 35%, Schwarz = 68%.} 0-1

[Event "Tatry Open 2018"]
[Site "Tatranska Lomnica"]
[Date "2018.10.03"]
[Round "5"]
[White "Petran, Peter"]
[Black "Bednar, Jan"]
[Result "1/2-1/2"]
[WhiteElo "2270"]
[BlackElo "1986"]
[Annotator "TA"]
[PlyCount "60"]
[EventDate "2018.09.30"]
[EventType "swiss"]
[EventCountry "SVK"]
[SourceTitle "playchess.com"]
[Source "ChessBase"]
[SourceQuality "1"]

{[%evp 10,60,38,52,52,44,39,37,103,97,100,32,31,26,57,-2,-2,-25,5,-8,19,-19,-4,-13,1,-87,21,13,33,35,39,27,35,27,45,20,43,38,54,20,28,0,8,0,0,0,0,0,0,0,0,0,11]} 1. g3 c5 2. Bg2 Nc6 3. e4 {[%cal Be2e4,Be4e5][%mdl 32]} g6 4. Ne2 Bg7 5. c3 {[%cal Bc2c3,Bc3d4][%mdl 32]} Nf6 6. d4 {LiveBook: 6 Games. B20: Sicilian: Unusual White 2nd moves} cxd4 (6... d6 7. dxc5 dxc5 8. Qxd8+ Kxd8 9. Be3 Nd7 10. Na3 a6 11. f4 b5 12. e5 Bb7 13. O-O Kc7 {1-0 (34) Mamedov,R (2637)-Cheparinov,I (2678) Khanty-Mansiysk 2013}) 7. cxd4 d5 8. e5 {White is slightly better.} Ng8 (8... Ne4 $14) 9. Nbc3 $16 e6 {[#]} 10. h4 $146 (10. Nb5 $1 $16) ({Predecessor:} 10. O-O a6 11. h4 Nge7 12. Bg5 h6 13. Bf4 Nf5 {0-1 (44) Dominguez,R (2251)-Segura,A (2079) Palmira 2017}) 10... f6 11. f4 h5 12. Be3 ({White should try} 12. Nb5 $14) 12... Nh6 $11 13. Bh3 f5 14. Qd2 O-O 15. Nd1 Bd7 16. Nf2 Ng4 17. Bf1 (17. O-O $11 {keeps the balance.}) 17... Nxf2 ({Black should play} 17... Nxe3 $17 18. Qxe3 Qa5+ 19. Qd2 Qb6) 18. Kxf2 a5 19. Nc3 Rf7 20. Be2 Bf8 21. Rhc1 Be8 22. Qd1 Rc7 23. Na4 Rcc8 24. a3 Na7 25. Nc3 b5 {The position is equal.} 26. Bd3 Be7 27. Kg2 b4 28. axb4 axb4 29. Ne2 Rxc1 30. Qxc1 Nc6 {Precision: White = 25%, Black = 47%.} 1/2-1/2